Biblioteca

Le valgo mucho más a mi hijo muerta que viva (Registro nro. 69028)

Detalles MARC
000 -LÍDER
Campo fijo de descripción fija 01607nam a2200325 i 4500
001 - NÚMERO DE CONTROL
Campo de control 768714001
003 - IDENTIFICADOR DEL NÚMERO DE CONTROL
Campo de control CO-MdFUSB
005 - FECHA Y HORA DE LA ULTIMA TRANSACCIÓN
control field 20231206112406.0
007 - CAMPO FIJO DE DESCRIPCIÓN FIJA--INFORMACIÓN GENERAL
Campo fijo de descripción fija ta
008 - ELEMENTOS DE LONGITUD FIJA -- INFORMACIÓN GENERAL
Campo fijo de descripción fija -- Información general 230922t20172018ck ||||g |||| 00| 0 spa d
020 ## - NÚMERO INTERNACIONAL NORMALIZADO PARA LIBROS
Número Internacional Normalizado del libro 9781548817794
040 ## - FUENTE DE CATALOGACIÓN
Agencia de catalogación original CO-MdFUSB
Idioma de catalogación spa
Agencia que realiza la transcripción CO-MdFUSB
Agencia que realiza la modificación CO-MdFUSBC
Convenciones de la descripción rda
041 ## - CÓDIGO DE IDIOMA
Código de idioma para texto/pista de sonido o título separado spa
082 ## - NÚMERO DE CLASIFICACIÓN DECIMAL DEWEY
Número de la edición del Dewey 23
Número de clasificación 864
Clave de autor-Numero de item M843
100 ## - ASIENTO PRINCIPAL--NOMBRE PERSONAL
Nombre personal Moreno Palacios, Wilson,
Término relacionador autor
245 #3 - TÍTULO
Título del Material Le valgo mucho más a mi hijo muerta que viva
Mención de responsabilidad, etc. / Wilson Moreno Palacios
250 ## - MENCIÓN DE EDICIÓN
Mención de edición Segunda edición
264 #1 - PRODUCCIÓN, PUBLICACIÓN, DISTRIBUCIÓN, MANUFACTURA, Y COPYRIGHT
Lugar de producción, publicación, distribución, manufactura Colombia :
Nombre del productor, publicador, distribuidor W.M. Editions,
Fecha de producción, publicación, distribución, manufactura, o copyright [2018]
264 #4 - PRODUCCIÓN, PUBLICACIÓN, DISTRIBUCIÓN, MANUFACTURA, Y COPYRIGHT
Fecha de producción, publicación, distribución, manufactura, o copyright ©2017
300 ## - DESCRIPCIÓN FÍSICA
Extensión 94 páginas
Dimensiones ; 21 cm.
336 ## - TIPO DE CONTENIDO
Fuente rdacontent
Término de tipo de contenido texto
Código de tipo de contenido txt
337 ## - TIPO DE MEDIO
Fuente rdamedia
Código del tipo de medio n
Nombre del tipo de medio sin mediación
338 ## - TIPO DE SOPORTE
Fuente rdacarrier
Nombre del tipo de soporte volumen
Código Tipo de soporte nc
520 ## - NOTA DE RESUMEN, ETC.
Nota de sumario, etc. "la suerte está echada. he perdido en esta ruleta rusa que es la vida. ya no le veo sentido a mi existencia. pese a todo, estoy satisfecha porque dejo bien situado cada peón de este juego de ajedrez que mi chiquillo tendrá que aprender muy pronto, y solo: contra todos, solo contra viento y marea, solo ante las adversidades contra las que nunca fui capaz de luchar"<br/>La sociedad moderna, denunciada por la narradora, y la sociedad descrita por heidegger y Foucault se cruzan en un relato humanista en el que el peor animal es, una vez más, el hombre, cualquiera que sea su circunstancia. Como cierto autor dijo atinadamente de su novela "esta no es una historia verdadera, pero ocurre todos los días"
563 ## - NOTA DE ENCUADERNACIÓN
Nota de encuadernación Rústico
650 #7 - ASIENTO SECUNDARIO DE MATERIA - TERMINO TEMÁTICO
Fuente del encabezamiento o término embne
9 (RLIN) 2518
Término temático o nombre geográfico como elemento de entrada Literatura colombiana
653 ## - TÉRMINO DE INDIZACIÓN - NO CONTROLADO
Término no controlado Ensayo.
942 ## - TIPO DE MATERIAL (KOHA)
Tipo de Item KOHA Libros General
945 ## - INFORMACIÓN LOCAL DEL REGISTRO
Catalogador sor1564
Existencias
Estado de Material Estado de Perdido Forma de Clasificación Estado de Dañado No para Préstamo Colección Biblioteca de Origen Biblioteca Permanente Fecha de Adquisición Área Total de Préstamos Signatura Topográfica Código de Barras Última vez visto Ejemplar/Existencia Fecha de Remplazo Tipo de Material
    Dewey Decimal Classification     Colección General Biblioteca FUSBC Biblioteca FUSBC 22/09/2023 LITERATURA   G 864 M843v 5769 22/09/2023 Ej. 1 22/09/2023 Libros General

Biblioteca FUSBC | Teléfono: (57+4) 349 88 10 Ext. 141| WhatsApp (+57) 3005338115 
E-mail: biblioteca@unisbc.edu.co | Calle 76 87-14 Robledo Palenque, Medellín, Colombia

Con tecnología Koha